000 00576nam a2200229Ia 4500
005 20230109095241.0
008 131103s9999 xx 000 0 und d
010 _a333747836
020 _aGBP5.00
040 _aLoreto College
041 _aEnglish
082 _a821.3
_bDON-NUT
100 _aNutt,Joe
245 _aJohn Donne
_b the poems
_cJoe Nutt
260 _aHoundmills
_bMacmillan
_c1999
300 _aix,211 p.
504 _aIncludes notes and index
650 _aEnglish Poetry
651 _a16th Century - Poet - Donne
850 _aLCLIB
942 _cBK
999 _c13182
_d63661